000 00640nab a2200157 4500
003 ES-SlBCS
005 20210327231214.0
008 150320s2014 bl ||||| |||| 00| 0 por d
040 _aES-SlBCS
_bspa
100 1 _aFreitas da Silva, Claudinei Aparecido de
_9210077
245 1 2 _aA dança da vida
_b: Buytendijk e a fenoemnologia do encontro
_cClaudinei Aparecido de Freitas da Silva
246 1 1 _aThe dance of life
_b: Buytendijk and phenomenology of the encounter
600 1 4 _aBuytendijk, F. J. J.
_xCrítica e interpretación
_9407939
773 0 _gNº 13, 2014, págs. 123-143
_tEstudos Filosóficos
_wRev1205
_x1982-9124
942 _2lcc
_cAR
999 _c851443
_d851443